Ako robiť kvalitnú a vysokoúčinnú reklamu. 2. Reklamné rozhodnutia.
Plánovanie cieľovej skupiny - okruhu osôb, ktoré sa majú osloviť reklamnými opatreniami. Priemyselní výrobcovia vychádzajú pri reklamnom plánovaní z dvojčlenenia predmetného trhu: trhu medzičlánkov-medziobchodu a trhu konečného dopytu a užívateľov. Plánovanie reklamných prostriedkov. Prehľad významn...
Gespeichert in:
| 1. Verfasser: | |
|---|---|
| Format: | Buchkapitel |
| Sprache: | Slowakisch |
| Schlagworte: | |
| Tags: |
Keine Tags, Fügen Sie das erste Tag hinzu!
|
MARC
| LEADER | 00000naa a2200000 4500 | ||
|---|---|---|---|
| 001 | r008192 | ||
| 005 | 20220831090843.9 | ||
| 041 | 0 | |a slo | |
| 044 | |a [CS] | ||
| 245 | 1 | 0 | |a Ako robiť kvalitnú a vysokoúčinnú reklamu. 2. |b Reklamné rozhodnutia. |c G. Lochner |
| 520 | |a Plánovanie cieľovej skupiny - okruhu osôb, ktoré sa majú osloviť reklamnými opatreniami. Priemyselní výrobcovia vychádzajú pri reklamnom plánovaní z dvojčlenenia predmetného trhu: trhu medzičlánkov-medziobchodu a trhu konečného dopytu a užívateľov. Plánovanie reklamných prostriedkov. Prehľad významných reklamných prostriedkov. Plánovanie nositeľov reklamy. | ||
| 610 | 2 | 0 | |a reklama |
| 610 | 2 | 0 | |a plánovanie |
| 610 | 2 | 0 | |a propagácia |
| 610 | 2 | 0 | |a prostriedky reklamné |
| 610 | 2 | 0 | |a ponuka |
| 610 | 2 | 0 | |a dopyt |
| 100 | 1 | |a Lochner, G. | |